000 00198 a2200097 4500
020 _a9780794541705
041 _aeng
100 _aDaynes, Katie
245 _aThe ant and the grasshopper
942 _cBK
999 _c31639
_d31637